[Event "USA-ch (Women)"]
[Site "Saint Louis"]
[Date "2023.10.16"]
[Round "10"]
[White "Paikidze, Nazi"]
[Black "Cervantes Landeiro, Thalia"]
[Result "1-0"]
[WhiteElo "2316"]
[BlackElo "2303"]
[PlyCount "57"]
[EventDate "2023.10.05"]
[EventType "tourn"]
[EventRounds "11"]
[EventCountry "USA"]
[EventCategory "3"]
[SourceTitle "EXT 2024"]
[Source "ChessBase"]
[SourceDate "2023.10.10"]
[SourceVersion "1"]
[SourceVersionDate "2023.10.10"]
[SourceQuality "1"]

1. d4 Nf6 2. c4 g6 3. h4 c5 4. d5 b5 5. cxb5 a6 6. bxa6 Bg7 7. Nc3 Bxa6 8. Nf3 0-0 9. h5 Nxh5 10. g4 Nf6 11. Bh6 Bxh6 12. Rxh6 Nxg4 13. Rh4 h5 14. Bh3 Nf6 15. Qd2 Kg7 16. 0-0-0 d6 17. Ng5 Bc8 18. Rg1 Na6 19. f4 Bxh3 20. Rxh3 Qc8 21. e4 c4 22. e5 dxe5 23. fxe5 Ng4 24. Nce4 Qf5 25. Ng3 Qd3 26. Nxh5+ gxh5 27. Rxd3 cxd3 28. Ne6+ fxe6 29. Qg5+ 1-0

[Event "USA-ch (Women)"]
[Site "Saint Louis"]
[Date "2023.10.15"]
[Round "9"]
[White "Yip, Carissa"]
[Black "Paikidze, Nazi"]
[Result "1/2-1/2"]
[WhiteElo "2372"]
[BlackElo "2316"]
[PlyCount "84"]
[EventDate "2023.10.05"]
[EventType "tourn"]
[EventRounds "11"]
[EventCountry "USA"]
[EventCategory "3"]
[SourceTitle "EXT 2024"]
[Source "ChessBase"]
[SourceDate "2023.10.10"]
[SourceVersion "1"]
[SourceVersionDate "2023.10.10"]
[SourceQuality "1"]

1. e4 c6 2. d4 d5 3. e5 Bf5 4. Nf3 e6 5. Be2 h6 6. 0-0 Ne7 7. Nbd2 Nd7 8. Nb3 g5 9. a4 Bg7 10. a5 0-0 11. Bd2 Rc8 12. Bb4 f6 13. exf6 Bxf6 14. Bd6 Rf7 15. Ne5 Bxe5 16. dxe5 c5 17. c3 a6 18. Re1 Rc6 19. c4 dxc4 20. Bxc4 g4 21. Rc1 Ng6 22. Bf1 Qg5 23. g3 Rc8 24. Nxc5 Nxc5 25. Rxc5 Rxc5 26. Bxc5 h5 27. Bg2 h4 28. Qd6 h3 29. Bh1 Kh7 30. Be3 Qe7 31. Rc1 Qd7 32. b4 Qb5 33. Rc7 Nxe5 34. Bxb7 Rxc7 35. Qxc7+ Kg6 36. Qc8 Kf7 37. Bh6 Qxb4 38. Qc7+ Ke8 39. Qc8+ Kf7 40. Qc7+ Ke8 41. Qc8+ Kf7 42. Qc7+ Ke8 1/2-1/2

[Event "American Cup Elim (Women)"]
[Site "Saint Louis"]
[Date "2023.03.24"]
[Round "4.4"]
[White "Lee, Alice"]
[Black "Paikidze, Nazi"]
[Result "1-0"]
[WhiteElo "2362"]
[BlackElo "2314"]
[PlyCount "121"]
[EventDate "2023.03.19"]
[EventType "k.o. (rapid)"]
[EventRounds "4"]
[EventCountry "USA"]
[SourceTitle "CBM 213 Extra"]
[Source "ChessBase"]
[SourceDate "2023.05.31"]
[SourceVersion "1"]
[SourceVersionDate "2023.05.31"]
[SourceQuality "1"]

1. d4 c5 2. d5 g6 3. Nc3 Bg7 4. e4 d6 5. Nf3 Nf6 6. Bb5+ Bd7 7. a4 0-0 8. 0-0 Bxb5 9. axb5 Nbd7 10. Nd2 Nb6 11. Qe2 Qc7 12. Nc4 Nxc4 13. Qxc4 Nd7 14. Bf4 Nb6 15. Qb3 c4 16. Qb4 f5 17. Be3 f4 18. Bxb6 axb6 19. f3 g5 20. Ne2 Ra5 21. Ra3 Rxa3 22. Qxa3 c3 23. bxc3 Qc4 24. Re1 Rc8 25. Qb3 Qc5+ 26. Kf1 Ra8 27. Qb4 Ra2 28. Qxc5 bxc5 29. Rc1 Rb2 30. c4 Rb4 31. c3 Rxc4 32. Ra1 Kf7 33. Ra3 e6 34. dxe6+ Kxe6 35. Ke1 d5 36. exd5+ Kxd5 37. Kd2 Be5 38. Kd3 h5 39. Ra8 Bd6 40. h3 h4 41. b6 Be7 42. Ra1 Bf6 43. Ra3 Bd8 44. Ra7 Bxb6 45. Rxb7 Ba5 46. Rd7+ Kc6 47. Kxc4 Kxd7 48. Kxc5 Ke6 49. Kd4 Bb6+ 50. Ke4 Bf2 51. Nd4+ Kf6 52. c4 Be1 53. c5 Ba5 54. c6 Ke7 55. Kd5 Bb6 56. Ne6 Kf6 57. c7 Bxc7 58. Nxc7 Kf5 59. Ne6 Kf6 60. Nxg5 Kxg5 61. Ke5 1-0

[Event "American Cup Elim (Women)"]
[Site "Saint Louis"]
[Date "2023.03.23"]
[Round "4.3"]
[White "Paikidze, Nazi"]
[Black "Lee, Alice"]
[Result "0-1"]
[WhiteElo "2314"]
[BlackElo "2362"]
[PlyCount "82"]
[EventDate "2023.03.19"]
[EventType "k.o. (rapid)"]
[EventRounds "4"]
[EventCountry "USA"]
[SourceTitle "CBM 213 Extra"]
[Source "ChessBase"]
[SourceDate "2023.05.31"]
[SourceVersion "1"]
[SourceVersionDate "2023.05.31"]
[SourceQuality "1"]

1. d4 d5 2. c4 c6 3. Nc3 Nf6 4. e3 e6 5. Nf3 Nbd7 6. Qc2 b6 7. Be2 Bb7 8. b3 Bd6 9. Bb2 Rc8 10. 0-0 0-0 11. e4 dxe4 12. Nxe4 Nxe4 13. Qxe4 Qe7 14. Rfe1 f5 15. Qc2 Rfd8 16. Bd3 Qf7 17. h3 h6 18. Rad1 Re8 19. a3 Rcd8 20. b4 g6 21. Qc3 Kh7 22. c5 Bb8 23. Ne5 Bxe5 24. dxe5 bxc5 25. bxc5 Qe7 26. Qb4 Nxc5 27. Bc2 Rd5 28. Bd4 a5 29. Qb6 Na6 30. Rb1 Nb4 31. Ba4 Ra8 32. axb4 Ra6 33. bxa5 Rxb6 34. Bxb6 c5 35. Red1 Qg5 36. g3 Qh5 37. Rxd5 Bxd5 38. Kf1 Qxh3+ 39. Ke2 Qg4+ 40. Kd2 Qd4+ 41. Ke2 Qe4+ 0-1

[Event "American Cup Elim (Women)"]
[Site "Saint Louis"]
[Date "2023.03.22"]
[Round "3.2"]
[White "Paikidze, Nazi"]
[Black "Tokhirjonova, Gulruhbegim"]
[Result "1-0"]
[WhiteElo "2314"]
[BlackElo "2332"]
[PlyCount "85"]
[EventDate "2023.03.19"]
[EventType "k.o. (rapid)"]
[EventRounds "4"]
[EventCountry "USA"]
[SourceTitle "CBM 213 Extra"]
[Source "ChessBase"]
[SourceDate "2023.05.31"]
[SourceVersion "1"]
[SourceVersionDate "2023.05.31"]
[SourceQuality "1"]

1. d4 Nf6 2. c4 e6 3. g3 d5 4. Nf3 Be7 5. Bg2 0-0 6. Nc3 dxc4 7. Ne5 c6 8. Nxc4 b5 9. Ne5 Qb6 10. 0-0 Rd8 11. Qc2 Bb7 12. Rd1 Na6 13. e3 Rac8 14. Qe2 Nb4 15. Bd2 a6 16. a3 Nbd5 17. Ne4 a5 18. Ng5 Rf8 19. e4 Nc7 20. Be3 c5 21. Rac1 Na6 22. d5 exd5 23. exd5 Bd6 24. Nd3 h6 25. Ne4 Nxe4 26. Bxe4 Rfe8 27. Qg4 Bf8 28. b4 axb4 29. axb4 h5 30. Qf3 g6 31. g4 hxg4 32. Qxg4 Rc7 33. bxc5 Nxc5 34. Nxc5 Bxc5 35. Bxc5 Rxc5 36. Rxc5 Qxc5 37. Bxg6 Kf8 38. Bxf7 Kxf7 39. Qf5+ Kg7 40. Qg5+ Kf7 41. Qf5+ Ke7 42. d6+ Kd8 43. Qxc5 1-0

[Event "American Cup Champ (Women)"]
[Site "Saint Louis"]
[Date "2023.03.19"]
[Round "2.1"]
[White "Lee, Alice"]
[Black "Paikidze, Nazi"]
[Result "1/2-1/2"]
[WhiteElo "2362"]
[BlackElo "2314"]
[PlyCount "139"]
[EventDate "2023.03.17"]
[EventType "k.o."]
[EventRounds "5"]
[EventCountry "USA"]
[SourceTitle "CBM 213 Extra"]
[Source "ChessBase"]
[SourceDate "2023.05.31"]
[SourceVersion "1"]
[SourceVersionDate "2023.05.31"]
[SourceQuality "1"]

1. d4 c5 2. d5 g6 3. Nc3 Bg7 4. e4 d6 5. Nf3 Nf6 6. Bb5+ Bd7 7. a4 a6 8. Be2 Bg4 9. h3 Bxf3 10. Bxf3 Nbd7 11. Be2 Qa5 12. 0-0 b5 13. Bf3 b4 14. Nb1 Ne5 15. Bf4 Nxf3+ 16. Qxf3 Nd7 17. Nd2 Qc7 18. Qb3 c4 19. Nxc4 Rc8 20. Nd2 Qxc2 21. Qxc2 Rxc2 22. Rac1 Rxc1 23. Rxc1 Nc5 24. Rc4 a5 25. Be3 Nxa4 26. b3 Nc3 27. Bb6 0-0 28. Bxa5 Ra8 29. Bxb4 Ne2+ 30. Kh2 Bd4 31. Rc2 Bxf2 32. Nf1 Bg1+ 33. Kh1 Ra1 34. Rxe2 Rxf1 35. Re1 Rxe1 36. Bxe1 Bd4 37. g4 Kg7 38. Kg2 f5 39. gxf5 gxf5 40. Kf3 Kf6 41. b4 Bb6 42. Kf4 e5+ 43. dxe6 fxe4 44. Kxe4 Kxe6 45. h4 d5+ 46. Kf4 Kf6 47. Bc3+ Ke6 48. Be1 Kf6 49. h5 Ke6 50. Bd2 Kf6 51. Bc3+ Ke6 52. Bg7 Kf7 53. Be5 Ke6 54. Bb2 Bf2 55. Kf3 Bb6 56. Kf4 Bf2 57. Bg7 Kf7 58. h6 Ke6 59. Bf8 Bb6 60. Bc5 Bxc5 61. bxc5 d4 62. Ke4 d3 63. Kxd3 Kd5 64. Ke3 Kxc5 65. Ke4 Kd6 66. Kf5 Ke7 67. Ke5 Kf7 68. Kf5 Ke7 69. Ke5 Kf7 70. Kf5 1/2-1/2

[Event "American Cup Champ (Women)"]
[Site "Saint Louis"]
[Date "2023.03.18"]
[Round "1.2"]
[White "Paikidze, Nazi"]
[Black "Zatonskih, Anna"]
[Result "1-0"]
[WhiteElo "2314"]
[BlackElo "2337"]
[PlyCount "85"]
[EventDate "2023.03.17"]
[EventType "k.o."]
[EventRounds "5"]
[EventCountry "USA"]
[SourceTitle "CBM 213 Extra"]
[Source "ChessBase"]
[SourceDate "2023.05.31"]
[SourceVersion "1"]
[SourceVersionDate "2023.05.31"]
[SourceQuality "1"]

1. d4 d5 2. c4 e6 3. Nf3 Nf6 4. g3 Be7 5. Bg2 0-0 6. Qc2 dxc4 7. Qxc4 a6 8. Bf4 Bd6 9. Ne5 Nd5 10. Nc3 Nxf4 11. gxf4 Ra7 12. Rd1 Qh4 13. e3 b6 14. Qe2 Qe7 15. Qh5 Bb7 16. Bxb7 Rxb7 17. Ne4 f6 18. Rg1 c5 19. Nc4 Bc7 20. dxc5 Nc6 21. Qf3 b5 22. Ncd6 Ba5+ 23. Kf1 Rc7 24. a3 b4 25. Qe2 bxa3 26. bxa3 Ra7 27. Qc4 Kh8 28. Kg2 f5 29. Ng5 Nd8 30. Rb1 Rc7 31. Qxa6 Rxc5 32. Rgc1 Bc3 33. Rb6 e5 34. Nb7 Rc7 35. Nxd8 Qxd8 36. Rd6 Qb8 37. Ne6 Ra7 38. Qd3 e4 39. Qd5 Ra5 40. Qc6 Rc8 41. Qxc8+ Qxc8 42. Rxc3 Qe8 43. Rd8 1-0

[Event "US Masters op"]
[Site "Charlotte"]
[Date "2022.11.24"]
[Round "2"]
[White "Schitco, Ivan"]
[Black "Paikidze, Nazi"]
[Result "1-0"]
[WhiteElo "2532"]
[BlackElo "2323"]
[PlyCount "122"]
[EventDate "2022.11.23"]
[EventType "swiss"]
[EventRounds "9"]
[EventCountry "USA"]
[SourceTitle "CBM 211 Extra"]
[Source "ChessBase"]
[SourceDate "2023.01.31"]
[SourceVersion "1"]
[SourceVersionDate "2023.01.31"]
[SourceQuality "1"]

1. c4 e6 2. Nc3 d5 3. e3 Nf6 4. Nf3 Be7 5. b3 0-0 6. Bb2 c6 7. Qc2 Nbd7 8. d4 b6 9. Bd3 Bb7 10. 0-0 Rc8 11. Rad1 Qc7 12. e4 dxe4 13. Nxe4 Nxe4 14. Bxe4 Nf6 15. Bd3 h6 16. c5 Nd5 17. Qd2 bxc5 18. dxc5 Bxc5 19. Bb1 f5 20. Qe2 Rce8 21. Ne5 Bd6 22. f4 Bxe5 23. Bxe5 Qb6+ 24. Qf2 c5 25. h3 Qc6 26. Rfe1 Rf7 27. Rc1 Rc8 28. Kh2 a5 29. Bd4 Qd6 30. Rxc5 Qxf4+ 31. Qxf4 Nxf4 32. Rxc8+ Bxc8 33. g3 Nd5 34. Rc1 Bb7 35. Re1 Rd7 36. Rxe6 Nc7 37. Rb6 Bf3 38. Be5 Rd2+ 39. Kg1 Nd5 40. Rb8+ Kf7 41. Bf4 Rb2 42. Bxf5 g5 43. Bc1 Rxa2 44. Bd3 Nb4 45. Bc4+ Ke7 46. Be3 Rg2+ 47. Kf1 Nc2 48. Bc5+ Kd7 49. Rf8 Be4 50. Bb5+ Kc7 51. Rf7+ Kb8 52. Re7 Bd5 53. Rd7 Rd2 54. h4 Kc8 55. Rd6 Bg2+ 56. Kg1 Rxd6 57. Bxd6 Bd5 58. h5 Bxb3 59. Bf8 a4 60. Bxh6 a3 61. Bg7 Bg8 1-0

[Event "USA-ch (Women)"]
[Site "Saint Louis"]
[Date "2022.10.19"]
[Round "13"]
[White "Paikidze, Nazi"]
[Black "Abrahamyan, Tatev"]
[Result "0-1"]
[WhiteElo "2354"]
[BlackElo "2308"]
[PlyCount "88"]
[EventDate "2022.10.05"]
[EventType "tourn"]
[EventRounds "13"]
[EventCountry "USA"]
[EventCategory "2"]
[SourceTitle "CBM 210 Extra"]
[Source "ChessBase"]
[SourceDate "2022.11.30"]
[SourceVersion "1"]
[SourceVersionDate "2022.11.30"]
[SourceQuality "1"]

1. d4 Nf6 2. c4 e6 3. Nf3 d5 4. Nc3 dxc4 5. e4 b5 6. e5 Nd5 7. Nxb5 Nb6 8. Be3 Nc6 9. Be2 Be7 10. 0-0 0-0 11. Nc3 Bb7 12. a3 Rb8 13. Qc2 Na5 14. Rad1 Bc6 15. d5 exd5 16. Nd4 Bb7 17. e6 c5 18. exf7+ Rxf7 19. Ne6 Qc8 20. Bg4 Qc6 21. Nf4 d4 22. Be6 dxc3 23. bxc3 Rbf8 24. Qf5 Qe4 25. Nd5 Bxd5 26. Rxd5 Qxf5 27. Rxf5 g6 28. Rf3 Kg7 29. Bxf7 Rxf7 30. Bh6+ Kg8 31. Re1 Rxf3 32. gxf3 Kf7 33. Bf4 Nd5 34. Be5 Nc6 35. Bh8 Bf6 36. Bxf6 Kxf6 37. Re4 Ne5 38. f4 Nf3+ 39. Kg2 Nd2 40. Re1 Nxc3 41. f3 Nd5 42. Kf2 Nb3 43. Ke2 Nd4+ 44. Kd1 c3 0-1

[Event "USA-ch (Women)"]
[Site "Saint Louis"]
[Date "2022.10.13"]
[Round "8"]
[White "Paikidze, Nazi"]
[Black "Lee, Alice"]
[Result "0-1"]
[WhiteElo "2354"]
[BlackElo "2263"]
[PlyCount "104"]
[EventDate "2022.10.05"]
[EventType "tourn"]
[EventRounds "13"]
[EventCountry "USA"]
[EventCategory "2"]
[SourceTitle "CBM 210 Extra"]
[Source "ChessBase"]
[SourceDate "2022.11.30"]
[SourceVersion "1"]
[SourceVersionDate "2022.11.30"]
[SourceQuality "1"]

1. e4 e5 2. Nc3 Nf6 3. d4 exd4 4. Qxd4 Nc6 5. Qe3 Bb4 6. Bd2 0-0 7. 0-0-0 Re8 8. Qg3 Nxe4 9. Nxe4 Rxe4 10. Bxb4 Nxb4 11. a3 Nc6 12. Bd3 Re8 13. Nf3 d6 14. h4 Qf6 15. Qg5 Qxg5+ 16. hxg5 g6 17. Nd2 d5 18. Rh4 Ne5 19. Be2 Nd7 20. Bf3 Re5 21. c4 c6 22. cxd5 cxd5 23. Nb3 Rxg5 24. Rxd5 Rxd5 25. Bxd5 Nf6 26. Bf3 Rb8 27. Ra4 a6 28. Nc5 Bf5 29. Bxb7 Nd7 30. Nxd7 Bxd7 31. Rxa6 Rxb7 32. b4 Bb5 33. Ra8+ Kg7 34. g3 Rc7+ 35. Kb2 h5 36. a4 Bd3 37. Rd8 Rc2+ 38. Kb3 Bf5 39. f4 Rg2 40. b5 Rxg3+ 41. Kb4 h4 42. Re8 h3 43. b6 h2 44. b7 h1Q 45. b8Q Qb1+ 46. Ka5 Qxb8 47. Rxb8 Re3 48. Rd8 Re4 49. Kb5 Rxf4 50. a5 Be4 51. a6 Rh4 52. Re8 Bd3+ 0-1

[Event "USA-ch (Women)"]
[Site "Saint Louis"]
[Date "2021.10.16"]
[Round "9"]
[White "Tokhirjonova, Gulruhbegim"]
[Black "Paikidze, Nazi"]
[Result "1-0"]
[WhiteElo "2322"]
[BlackElo "2374"]
[PlyCount "131"]
[EventDate "2021.10.06"]
[EventType "tourn"]
[EventRounds "11"]
[EventCountry "USA"]
[EventCategory "3"]
[SourceTitle "CBM 204 Extra"]
[Source "ChessBase"]
[SourceDate "2021.11.30"]
[SourceVersion "1"]
[SourceVersionDate "2021.11.30"]
[SourceQuality "1"]

1. Nf3 Nf6 2. c4 g6 3. Nc3 Bg7 4. d4 d6 5. g3 0-0 6. Bg2 Nbd7 7. 0-0 e5 8. e4 exd4 9. Nxd4 Re8 10. Re1 c6 11. h3 Qc7 12. Be3 Nc5 13. Qc2 a5 14. Rad1 a4 15. f4 h5 16. Bf2 Nh7 17. Nf3 b6 18. Bd4 Be6 19. Bxg7 Kxg7 20. e5 Bf5 21. Qf2 dxe5 22. Rxe5 Be6 23. Ree1 Rad8 24. Ne5 Bc8 25. Rxd8 Rxd8 26. Nxc6 Nd3 27. Qd2 Nxe1 28. Qxd8 Qxd8 29. Nxd8 Nxg2 30. Kxg2 Kf8 31. Kh2 Bd7 32. Nb7 Be6 33. Nxa4 Bxc4 34. b3 Ba6 35. Nd6 Ke7 36. Ne4 b5 37. Nac3 Bb7 38. Nc5 Bc6 39. Kg1 Nf6 40. b4 Ne8 41. Nb3 Nc7 42. Nd4 Bd7 43. h4 Kd6 44. Kf2 Be8 45. a3 Bd7 46. Ke2 Ke7 47. Kd3 Kd6 48. Ke4 f5+ 49. Kd3 Be8 50. Nf3 Ne6 51. Ne5 Nc7 52. Ke3 Ne6 53. Nd3 Bc6 54. Nb2 Nc7 55. Kd4 Ne6+ 56. Kd3 Nc7 57. a4 bxa4 58. Nbxa4 Bg2 59. Nc5 Bf3 60. Kd4 Bc6 61. Kc4 Na8 62. b5 Nb6+ 63. Kd4 Be8 64. Nd3 Nd7 65. Ne5 Nc5 66. Nc4+ 1-0

[Event "Online Olym KO Stage"]
[Site "Chess.com INT"]
[Date "2021.09.13"]
[Round "1.12"]
[White "Saduakassova, Dinara"]
[Black "Paikidze, Nazi"]
[Result "0-1"]
[WhiteElo "2489"]
[BlackElo "2374"]
[PlyCount "118"]
[EventDate "2021.09.13"]
[EventType "team-k.o. (rapid)"]
[EventRounds "3"]
[EventCountry "USA"]
[SourceTitle "CBM 204 Extra"]
[Source "ChessBase"]
[SourceDate "2021.11.30"]
[SourceVersion "1"]
[SourceVersionDate "2021.11.30"]
[SourceQuality "1"]
[WhiteTeam "Kazakhstan"]
[BlackTeam "United States"]
[WhiteTeamCountry "KAZ"]
[BlackTeamCountry "USA"]

1. Nf3 Nf6 2. g3 e6 3. Bg2 d5 4. 0-0 Be7 5. d3 0-0 6. Nbd2 c5 7. e4 Nc6 8. Re1 Qc7 9. e5 Nd7 10. Qe2 b5 11. Nf1 Bb7 12. Bf4 d4 13. a3 Rab8 14. h4 Rfc8 15. h5 c4 16. N1d2 cxd3 17. cxd3 Nc5 18. Rac1 Qd8 19. h6 g6 20. Rc2 b4 21. Rec1 Na4 22. Ne4 bxa3 23. bxa3 Na5 24. Nfg5 Nc3 25. Qe1 Nb3 26. Bh3 Bd5 27. Nd6 Bxg5 28. Bxg5 Qxg5 29. Nxc8 Rxc8 30. Rb1 Nc5 31. Rxc3 dxc3 32. Qxc3 Qd8 33. Rc1 Bb7 34. Bg2 Nxd3 35. Bxb7 Rxc3 36. Rxc3 Nxe5 37. Rc8 Qxc8 38. Bxc8 Ng4 39. f4 Nxh6 40. Kf2 Nf5 41. g4 Nd6 42. Ba6 Kf8 43. Ke3 Ke7 44. g5 Nf5+ 45. Ke4 Kd6 46. Bb5 h6 47. gxh6 Nxh6 48. Kd4 Nf5+ 49. Ke4 Kc5 50. Ba4 Kd6 51. Be8 Ke7 52. Bc6 Ng3+ 53. Kf3 Nf5 54. Ke4 Nd6+ 55. Kd4 f6 56. a4 Nf5+ 57. Kc5 g5 58. fxg5 fxg5 59. Kb5 Nd4+ 0-1

[Event "Online Olym Div Top-D"]
[Site "Chess.com INT"]
[Date "2021.09.10"]
[Round "9.1"]
[White "Castrillon Gomez, Melissa"]
[Black "Paikidze, Nazi"]
[Result "0-1"]
[WhiteElo "2212"]
[BlackElo "2374"]
[PlyCount "112"]
[EventDate "2021.09.08"]
[EventType "team (rapid)"]
[EventRounds "9"]
[EventCountry "USA"]
[SourceTitle "CBM 204 Extra"]
[Source "ChessBase"]
[SourceDate "2021.11.30"]
[SourceVersion "1"]
[SourceVersionDate "2021.11.30"]
[SourceQuality "1"]
[WhiteTeam "Colombia"]
[BlackTeam "United States"]
[WhiteTeamCountry "COL"]
[BlackTeamCountry "USA"]

1. d4 Nf6 2. c4 e6 3. Nf3 d5 4. g3 Bb4+ 5. Bd2 Be7 6. Bg2 0-0 7. 0-0 c6 8. Qc2 b6 9. Rd1 Nbd7 10. Be1 Ba6 11. Nbd2 c5 12. Ne5 cxd4 13. Nc6 Qe8 14. Qa4 Bb7 15. cxd5 Nxd5 16. Nxe7+ Qxe7 17. Qxd4 Rad8 18. Nf3 Nc5 19. Qe5 a5 20. Nd4 Nd7 21. Qe4 Ba8 22. Qc2 Rc8 23. Qa4 Ne5 24. e4 Rc4 25. Qb3 a4 26. Qb5 Qc5 27. Qxc5 bxc5 28. exd5 cxd4 29. b3 Rc2 30. Rxd4 Bxd5 31. Bxd5 exd5 32. Rxa4 d4 33. Kg2 d3 34. Rd4 f6 35. a3 Rfc8 36. Bb4 Rb2 37. Rd1 Rcc2 38. Rf4 Rxb3 39. Bd6 Nf7 40. Bb4 Ne5 41. Bd6 Nc4 42. Bc5 Nb2 43. Re1 d2 44. Re8+ Kf7 45. Re7+ Kf8 46. Rd7+ Rxc5 47. Rxd2 Nc4 48. Rdd4 Ne5 49. Ra4 Kf7 50. Rfd4 Ke6 51. Ra6+ Rc6 52. Ra7 Rb2 53. Rxg7 Rcc2 54. Rf4 Nd3 55. Re4+ Kf5 56. Re3 Rxf2+ 0-1

[Event "Online Olym Div Top-D"]
[Site "Chess.com INT"]
[Date "2021.09.08"]
[Round "2.2"]
[White "Paikidze, Nazi"]
[Black "Alboredo, Julia"]
[Result "1-0"]
[WhiteElo "2374"]
[BlackElo "2183"]
[PlyCount "91"]
[EventDate "2021.09.08"]
[EventType "team (rapid)"]
[EventRounds "9"]
[EventCountry "USA"]
[SourceTitle "CBM 204 Extra"]
[Source "ChessBase"]
[SourceDate "2021.11.30"]
[SourceVersion "1"]
[SourceVersionDate "2021.11.30"]
[SourceQuality "1"]
[WhiteTeam "United States"]
[BlackTeam "Brazil"]
[WhiteTeamCountry "USA"]
[BlackTeamCountry "BRA"]

1. e4 c5 2. b3 Nc6 3. Bb2 e5 4. Bc4 Nf6 5. Nc3 d6 6. Nge2 Be7 7. 0-0 0-0 8. d3 a6 9. a4 Nd4 10. Nxd4 cxd4 11. Nd5 Nxd5 12. Bxd5 Qc7 13. f4 Bd7 14. Rf2 Bc6 15. Bxc6 Qxc6 16. Qg4 b5 17. a5 Qc8 18. f5 Bf6 19. Raf1 Ra7 20. Re2 Rc7 21. Rff2 Qd7 22. Bc1 Rfc8 23. h4 Kh8 24. g3 Rc6 25. Qf3 Qd8 26. b4 R8c7 27. Rh2 Kg8 28. g4 Qc8 29. Qf2 Be7 30. g5 Bf8 31. Rg2 g6 32. h5 Rc3 33. Bb2 R3c6 34. Rh2 Qd8 35. Bc1 Rc3 36. Qg3 Qc8 37. Qf2 R3c6 38. hxg6 fxg6 39. Qh4 gxf5 40. exf5 Qxf5 41. g6 Rg7 42. Reg2 Be7 43. gxh7+ Kh8 44. Qxe7 Rxg2+ 45. Rxg2 Rc8 46. Qg7# 1-0

[Event "USA-ch (Women) playoff"]
[Site "Saint Louis"]
[Date "2018.04.30"]
[Round "2"]
[White "Paikidze, Nazi"]
[Black "Wang, Annie"]
[Result "1-0"]
[WhiteElo "2352"]
[BlackElo "2321"]
[PlyCount "83"]
[EventDate "2018.04.30"]
[EventType "match (rapid)"]
[EventRounds "3"]
[EventCountry "USA"]
[SourceTitle "CBM 184 Extra"]
[Source "ChessBase"]
[SourceDate "2018.06.28"]
[SourceVersion "1"]
[SourceVersionDate "2018.06.28"]
[SourceQuality "1"]

1. Nf3 e6 2. g3 Nf6 3. Bg2 d5 4. 0-0 Be7 5. d3 c5 6. Nbd2 Nc6 7. e4 b6 8. e5 Nd7 9. Re1 Qc7 10. Qe2 Bb7 11. c4 d4 12. Nf1 h6 13. h4 0-0-0 14. h5 Rdf8 15. a3 g5 16. g4 Kb8 17. Bd2 Re8 18. b4 cxb4 19. axb4 Nxb4 20. Nxd4 Bxg2 21. Kxg2 Nc6 22. Nxc6+ Qxc6+ 23. f3 f6 24. exf6 Bxf6 25. Ra2 Rhf8 26. Be3 Ne5 27. Nh2 Rd8 28. Rd1 Ka8 29. Bf2 Rc8 30. Rb1 Nd7 31. Ra6 Qb7 32. Qa2 Kb8 33. d4 Bd8 34. Ra1 Rc7 35. c5 Re8 36. Rc1 e5 37. Bg3 Rc6 38. Ra1 Rc7 39. cxb6 Nxb6 40. Bxe5 Rxe5 41. dxe5 Qc8 42. Rxb6+ 1-0

[Event "USA-ch (Women) playoff"]
[Site "Saint Louis"]
[Date "2018.04.30"]
[Round "1"]
[White "Wang, Annie"]
[Black "Paikidze, Nazi"]
[Result "1-0"]
[WhiteElo "2321"]
[BlackElo "2352"]
[PlyCount "89"]
[EventDate "2018.04.30"]
[EventType "match (rapid)"]
[EventRounds "3"]
[EventCountry "USA"]
[SourceTitle "CBM 184 Extra"]
[Source "ChessBase"]
[SourceDate "2018.06.28"]
[SourceVersion "1"]
[SourceVersionDate "2018.06.28"]
[SourceQuality "1"]

1. d4 Nf6 2. c4 e6 3. Nc3 Bb4 4. Qc2 d5 5. a3 Bxc3+ 6. Qxc3 c5 7. dxc5 d4 8. Qg3 Nc6 9. Qxg7 Rg8 10. Qh6 e5 11. Bg5 Rg6 12. Qh4 Qa5+ 13. Bd2 Qxc5 14. e4 Qd6 15. f3 d3 16. Qf2 Nd4 17. Bb4 Qc6 18. Bxd3 Be6 19. Ne2 0-0-0 20. 0-0-0 Bxc4 21. Nxd4 Rxd4 22. Bxc4 Rxc4+ 23. Kb1 Nd7 24. Qxa7 Rxg2 25. Qa8+ Kc7 26. Ba5+ b6 27. Qa7+ Kd8 28. Bxb6+ Ke8 29. Bf2 f6 30. Rd2 Rg7 31. Rhd1 Re7 32. Rg1 Kf7 33. Qe3 Nf8 34. Qh6 Ke8 35. Rgd1 Nd7 36. Qh5+ Kd8 37. Qg4 Kc7 38. Qg8 Qb5 39. Qg4 Qc6 40. Rd5 Nb8 41. Qg8 Nd7 42. Be1 Rc5 43. Bb4 Rxd5 44. exd5 Qa4 45. Rc1+ 1-0

[Event "USA-ch (Women)"]
[Site "Saint Louis"]
[Date "2018.04.27"]
[Round "9"]
[White "Paikidze, Nazi"]
[Black "Wang, Annie"]
[Result "1/2-1/2"]
[WhiteElo "2352"]
[BlackElo "2321"]
[PlyCount "60"]
[EventDate "2018.04.18"]
[EventType "tourn"]
[EventRounds "11"]
[EventCountry "USA"]
[SourceTitle "CBM 184 Extra"]
[Source "ChessBase"]
[SourceDate "2018.06.28"]
[SourceVersion "1"]
[SourceVersionDate "2018.06.28"]
[SourceQuality "1"]

1. c4 e6 2. Nc3 d5 3. d4 Be7 4. cxd5 exd5 5. Bf4 Nf6 6. e3 0-0 7. Bd3 c6 8. Qc2 Nbd7 9. Nf3 Re8 10. h3 Nf8 11. 0-0-0 Qa5 12. Kb1 Bb4 13. Rc1 Ne4 14. Bxe4 dxe4 15. Nd2 Be6 16. Nb3 Qd8 17. Rhd1 Bxc3 18. Qxc3 Qb6 19. Na5 Nd7 20. b3 Qa6 21. Qb4 Nb6 22. Bg3 Rad8 23. Rc5 Rd7 24. Qd2 Bd5 25. Qe1 Nc8 26. Rc2 Nb6 27. Rc5 Nc8 28. Rc2 Nb6 29. Rc5 Nc8 30. Rc2 Nb6 1/2-1/2

[Event "PRO League Stage"]
[Site "Chess.com INT"]
[Date "2018.01.31"]
[Round "3"]
[White "Paikidze, Nazi"]
[Black "Kuybokarov, Temur"]
[Result "0-1"]
[WhiteElo "2352"]
[BlackElo "2472"]
[PlyCount "90"]
[EventDate "2018.01.18"]
[EventType "team-swiss (rapid)"]
[EventRounds "9"]
[EventCountry "USA"]
[SourceTitle "CBM 182 Extra"]
[Source "ChessBase"]
[SourceDate "2018.02.23"]
[SourceVersion "1"]
[SourceVersionDate "2018.02.23"]
[SourceQuality "1"]
[WhiteTeam "Las Vegas Desert Rats"]
[BlackTeam "Australia Kangaroos"]
[WhiteTeamCountry "USA"]
[BlackTeamCountry "AUS"]

1. d4 Nf6 2. c4 e6 3. g3 c5 4. d5 exd5 5. cxd5 d6 6. Nc3 g6 7. Bg2 Bg7 8. Nf3 0-0 9. 0-0 Re8 10. Nd2 a6 11. a4 Nbd7 12. Nc4 Ne5 13. Nxe5 Rxe5 14. a5 Re8 15. Bf4 Nh5 16. Bd2 b5 17. axb6 Qxb6 18. Na4 Qb5 19. Bf3 Nf6 20. Bc3 Bf5 21. Re1 Be4 22. Bxf6 Bxf6 23. Bxe4 Rxe4 24. Nc3 Bxc3 25. bxc3 Rae8 26. e3 a5 27. Qb1 Qa6 28. Ra3 a4 29. Qa2 h5 30. Ra1 Qd3 31. Rxa4 Qxc3 32. Rxe4 Rxe4 33. Qb1 Rb4 34. Ra8+ Kg7 35. Qa1 Qxa1+ 36. Rxa1 Kf6 37. f4 Kf5 38. Kg2 Ke4 39. Ra7 c4 40. Rxf7 c3 41. Rc7 Kd3 42. Kf3 Rc4 43. Rxc4 Kxc4 44. Ke2 Kb3 45. Kd1 Kb2 0-1